[Event "Australian-ch 2020"]
[Site "Kogarah"]
[Date "2020.01.05"]
[Round "4.7"]
[White "Kethro, Michael"]
[Black "Parle, Hughston"]
[Result "1-0"]
[WhiteElo "2093"]
[BlackElo "2057"]
[Annotator "NA RC"]
[PlyCount "77"]
[EventDate "2020.01.02"]
[EventType "swiss"]
[EventCountry "AUS"]
[SourceTitle "playchess.com"]
[Source "ChessBase"]
[SourceQuality "1"]
[TimeControl "40/5400+30:1800+30"]

1. d4 {[%emt 0:01:19]} Nf6 {[%emt 0:00:24]} 2. c4 {[%emt 0:00:32]} g6 {[%emt 0:01:14]} 3. Nc3 {[%emt 0:00:11]} Bg7 {[%emt 0:00:07]} 4. e4 {[%emt 0:00:32]} d6 {[%emt 0:00:07]} 5. Nf3 {[%emt 0:00:15]} O-O {[%emt 0:00:31]} 6. Be2 {[%emt 0:00:13]} e5 {[%emt 0:00:22]} 7. Be3 {[%emt 0:00:54]} Nc6 {[%emt 0:06:06]} 8. d5 {[%emt 0:01:16]} Ne7 {[%emt 0:00:29]} 9. Nd2 {[%emt 0:00:20]} Nd7 {[%emt 0:03:01]} 10. b4 {[%emt 0:04:03]} f5 {[%emt 0:00:39]} 11. f3 $1 {[%emt 0:00:37]} Nf6 {[%emt 0:22:36]} 12. c5 {[%emt 0:16:59]} h5 {[%emt 0:08:01] E92: King's Indian: Classical: 6 Be2 e5: 7 dxe5, 7 Be3 and Petrosian System without 7...Nbd7} 13. Nc4 {[%emt 0:14:24]} fxe4 {[%emt 0:04:49]} 14. fxe4 {[%emt 0:02:22]} Ng4 {[%emt 0:00:20]} 15. Bxg4 {[%emt 0:02:38]} Bxg4 {[%emt 0:00:05]} 16. Qd2 {[%emt 0:00:55]} Nc8 $146 {[%emt 0:38:31]} ({Predecessor:} 16... Bf6 17. O-O Nc8 18. Rf2 Bd7 19. Raf1 Rf7 20. c6 bxc6 21. dxc6 {1-0 (31) Wells,P (2494)-Colmenares,A (2075) Lausanne 2004}) 17. a4 {[%emt 0:19:08]} h4 {[%emt 0:02:19]} 18. h3 {[%emt 0:04:57]} Bh5 {[%emt 0:00:16]} 19. Rf1 {[%emt 0:02:57]} dxc5 {[%emt 0:03:33]} (19... Bf6 $142 20. Kf2 Rf7) 20. bxc5 {[%emt 0:04:11]} b6 {[%emt 0:00:25]} (20... g5 $142 21. Bxg5 Rxf1+ 22. Kxf1 Qf8+ 23. Qf2 Qxf2+ 24. Kxf2 Bf8) 21. Rxf8+ {[%emt 0:02:28]} Bxf8 {[%emt 0:02:11]} 22. d6 {[%emt 0:03:35]} Nxd6 {[%emt 0:03:57]} 23. cxd6 {[%emt 0:01:34]} cxd6 {[%emt 0:00:01]} 24. Bg5 {[%emt 0:01:41]} Qc7 {[%emt 0:01:15]} 25. Qd5+ {[%emt 0:01:22]} Kh7 {[%emt 0:00:00]} 26. Nb5 {[%emt 0:01:16]} Qc5 {[%emt 0:00:40]} 27. Qxc5 {[%emt 0:03:19]} dxc5 {[%emt 0:00:05]} 28. Nc7 {[%emt 0:02:27]} Rb8 {[%emt 0:00:47]} 29. Nd5 {[%emt 0:01:45]} Bg7 {[%emt 0:00:40]} 30. Ra2 {[%emt 0:00:58]} b5 {[%emt 0:00:45]} 31. axb5 {[%emt 0:00:37]} Rxb5 {[%emt 0:00:02]} 32. Rxa7 {[%emt 0:02:23]} Rb1+ {[%emt 0:00:01] [#]} 33. Kf2 {[%emt 0:00:31]} Kg8 {[%emt 0:00:16]} 34. Ra8+ {[%emt 0:01:27]} Kf7 {[%emt 0:00:03]} 35. Ra7+ {[%emt 0:00:20]} Kg8 {[%emt 0:00:03]} 36. Nf6+ {[%emt 0:00:52]} Bxf6 {[%emt 0:00:24]} 37. Bxf6 {[%emt 0:00:18]} Rc1 {[%emt 0:00:52]} 38. Nxe5 {[%emt 0:00:33]} c4 {[%emt 0:00:18]} 39. Ra8+ {[%emt 0:00:11]} 1-0

[Event "Australian-ch 2020"]
[Site "Kogarah"]
[Date "2020.01.05"]
[Round "4.8"]
[White "McGowan, Cameron"]
[Black "Solomon, Stephen J"]
[Result "0-1"]
[WhiteElo "2221"]
[BlackElo "2319"]
[Annotator "TA"]
[PlyCount "118"]
[EventDate "2020.01.02"]
[EventType "swiss"]
[EventCountry "AUS"]
[SourceTitle "playchess.com"]
[Source "ChessBase"]
[SourceQuality "1"]

{[%evp 20,118,6,13,20,6,27,0,31,29,24,14,44,37,27,52,24,31,35,23,83,83,83,92,82,89,76,80,111,86,85,76,80,73,88,76,93,0,94,61,94,82,102,100,96,85,143,82,91,0,0,0,0,0,0,0,0,0,0,0,8,0,10,9,8,8,8,8,8,8,15,14,14,11,11,-19,-22,-810,-810,-3954,-1223,-1223,-1223,-4294,-4045,-3272,-2019,-5206,-6002,-29980,-29981,-29981,-29982,-29982,-29983,-29983,-29984,-29978,-29980,-29987,-29988]} 1. e4 c5 2. Nf3 d6 3. Bb5+ Bd7 4. Bxd7+ Qxd7 5. c4 Nf6 6. Nc3 Nc6 7. O-O g6 8. d4 cxd4 9. Nxd4 Bg7 10. Nc2 O-O 11. Qe2 Rac8 {B52: Sicilian: Moscow Variation with 3...Bd7} (11... a6 12. Bd2 Rab8 13. Rac1 b5 14. cxb5 axb5 15. Nd5 e6 16. Ncb4 exd5 17. Nxc6 Rb6 18. exd5 Nxd5 19. Qf3 {½-½ (19) Tkachiev,V (2615)-Gelfand,B (2695) Groningen 1997}) 12. b3 Qd8 $146 ({Predecessor:} 12... Nh5 13. Bb2 Nf4 14. Qf3 g5 15. Rad1 Ne5 16. Qg3 h5 17. Kh1 Bh6 18. h4 Neg6 19. hxg5 {1-0 (32) Munoz Pantoja,M (2507)-Alonso Gonzalez,C (2040) Barcelona 2011}) 13. Bb2 Nd7 {The position is equal.} 14. Ne3 Nc5 15. f3 Nd4 16. Qd2 Ncxb3 17. axb3 Nxb3 18. Qe2 Nxa1 19. Rxa1 a6 (19... e6 $11) 20. Ncd5 $36 {[%mdl 2048] White has strong initiative.} e6 21. Bxg7 Kxg7 22. Qb2+ {[%mdl 64] Double Attack} f6 23. Nf4 {[%mdl 1024] White has strong compensation.} ({Much weaker is} 23. Qxb7+ Rf7 $15) 23... Qd7 24. Rb1 Rf7 25. Qb4 Rc6 26. Ne2 e5 27. g4 Rc5 28. Nc1 (28. Nc3 $16) 28... a5 (28... b5 $1 $11) 29. Qb2 Qc7 30. Nd3 Rxc4 31. Nxc4 Qxc4 32. Nf2 Rc7 (32... a4 $142) 33. Kg2 (33. Qb6 $142) 33... a4 34. Qb4 (34. Qa3 $16) 34... Qxb4 $11 35. Rxb4 {[%mdl 4096] Endgame KRN-KR} a3 36. Ra4 Rc3 37. Ra7 Rb3 38. Kf1 h5 39. Ke2 Kh6 40. gxh5 Kxh5 41. Nd3 Kh4 42. Kd2 Kh3 43. Kc2 Rb6 {And now ...Ra6 would win.} 44. Rxa3 Kxh2 45. Kd2 f5 46. Ra8 {Rg8 is the strong threat.} Kg3 47. Ke3 {With the idea Rg8.} Ra6 48. Rxa6 $4 {[%mdl 8192] [#]} (48. Rd8 $11) 48... f4+ $1 $19 49. Ke2 bxa6 {KN-KP} 50. Nb2 a5 {[%cal Ba6a5,Ba5a4][%mdl 32]} 51. Nc4 a4 52. Na3 g5 53. Nc4 Kg2 54. Na3 {[#]} g4 $1 {[%mdl 576] Promotion. Black mates.} 55. fxg4 f3+ 56. Kd2 f2 57. Nc4 Kf3 58. Kc3 Ke2 59. Nd2 a3 {Accuracy: White = 39%, Black = 75%.} 0-1

[Event "Australian-ch 2020"]
[Site "Kogarah"]
[Date "2020.01.05"]
[Round "4.9"]
[White "Bayaca, Sterling"]
[Black "Plant, John Stuart"]
[Result "0-1"]
[WhiteElo "1994"]
[BlackElo "1993"]
[Annotator "NA"]
[PlyCount "62"]
[EventDate "2020.01.02"]
[EventType "swiss"]
[EventCountry "AUS"]
[SourceTitle "playchess.com"]
[Source "ChessBase"]
[SourceQuality "1"]
[TimeControl "40/5400+30:1800+30"]

1. e4 {[%emt 0:00:00]} d6 {[%emt 0:00:00]} 2. d4 {[%emt 0:00:00]} Nf6 {[%emt 0:00:00]} 3. Nc3 {[%emt 0:00:25]} e5 4. Nf3 {[%emt 0:00:30]} Nbd7 {[%emt 0:00:45]} 5. Bc4 {[%emt 0:00:30]} Be7 {[%emt 0:00:30]} 6. a4 {[%emt 0:00:30]} O-O {[%emt 0:00:30]} 7. O-O {[%emt 0:00:30]} c6 {[%emt 0:00:30]} 8. a5 {[%emt 0:00:30]} Qc7 {[%emt 0:00:30]} 9. Bb3 {[%emt 0:00:30]} Rb8 {[%emt 0:00:30]} 10. Re1 {[%emt 0:00:30]} b5 {[%emt 0:00:30]} 11. axb6 {[%emt 0:00:30]} axb6 {[%emt 0:00:30]} 12. d5 {[%emt 0:00:30]} Nc5 {[%emt 0:00:30]} 13. Ba2 {[%emt 0:00:30]} cxd5 {[%emt 0:00:30]} 14. Nxd5 {[%emt 0:00:30]} Nxd5 {[%emt 0:00:30]} 15. Bxd5 {[%emt 0:00:30]} Be6 {[%emt 0:00:30]} 16. Be3 {[%emt 0:00:30]} Bxd5 {[%emt 0:00:30]} 17. Qxd5 {[%emt 0:00:30]} Nd7 {[%emt 0:00:30]} 18. Qd3 {[%emt 0:00:30]} Ra8 {[%emt 0:00:30]} 19. Nd2 {[%emt 0:00:30]} Rfc8 {[%emt 0:00:30]} 20. c3 {[%emt 0:00:30]} Qc6 {[%emt 0:00:30]} 21. f3 {[%emt 0:00:30]} b5 {[%emt 0:00:30]} 22. Nf1 {[%emt 0:00:30]} Nc5 {[%emt 0:00:30]} 23. Bxc5 {[%emt 0:00:30]} dxc5 {[%emt 0:00:30]} 24. Ne3 {[%emt 0:00:30]} c4 {[%emt 0:00:30]} 25. Qd5 {[%emt 0:00:30]} Rxa1 {[%emt 0:00:30]} 26. Rxa1 {[%emt 0:00:30]} Qb6 {[%emt 0:00:30]} 27. Kf2 {[%emt 0:00:30]} Bc5 {[%emt 0:00:30]} 28. Qd2 {[%emt 0:00:30]} Rd8 {[%emt 0:00:30]} 29. Qe2 {[%emt 0:00:30]} f5 {[%emt 0:00:30]} 30. exf5 {[%emt 0:00:30]} Bxe3+ {[%emt 0:00:30]} 31. Qxe3 {[%emt 0:00:30]} Rd2+ {[%emt 0:00:30]} 0-1

[Event "Australian-ch 2020"]
[Site "Kogarah"]
[Date "2020.01.05"]
[Round "4.10"]
[White "Ng, Clive"]
[Black "Huynh, Arthur"]
[Result "1/2-1/2"]
[WhiteElo "2061"]
[BlackElo "2136"]
[Annotator "TA"]
[PlyCount "35"]
[EventDate "2020.01.02"]
[EventType "swiss"]
[EventCountry "AUS"]
[SourceTitle "playchess.com"]
[Source "ChessBase"]
[SourceQuality "1"]

{[%evp 9,35,17,18,16,27,25,24,15,15,6,0,-22,-9,-21,-20,-25,-20,-21,-19,-34,-36,-45,-46,-49,0,0,0,-16]} 1. e4 e5 2. Nf3 Nc6 3. Bb5 Nf6 4. d3 Bc5 5. Bxc6 dxc6 6. Nbd2 {C65: Ruy Lopez: Berlin Defence (3...Nf6), unusual lines and 4 0-0 Bc5} Qe7 (6... Be6 7. O-O Nd7 8. Nb3 Bb6 9. Ng5 Bxb3 10. axb3 Qe7 11. Nf3 O-O 12. Nd2 Nc5 13. Nc4 f6 {1-0 (102) Dominguez Perez,L (2763)-Wang,H (2726) Khanty-Mansiysk 2019}) 7. Nc4 Nd7 8. Bd2 {White has an edge.} f6 9. Qe2 Nf8 10. O-O-O $146 ({Predecessor:} 10. O-O Ne6 11. c3 a5 12. Rfd1 O-O 13. Be3 Bxe3 14. Nxe3 {½-½ (30) Har Even,A (2374)-Sepp,O (2461) ICCF email 2016}) 10... Be6 11. Kb1 O-O-O 12. Nh4 Qf7 13. b3 Ng6 14. Nxg6 hxg6 15. h3 g5 16. Be3 Qe7 17. Bxc5 Qxc5 18. Qe3 {Accuracy: White = 42%, Black = 72%.} 1/2-1/2

[Event "Australian-ch 2020"]
[Site "Kogarah"]
[Date "2020.01.06"]
[Round "5.1"]
[White "Kuybokarov, Temur"]
[Black "Clarke, Brandon G I"]
[Result "1-0"]
[WhiteElo "2523"]
[BlackElo "2438"]
[Annotator "TA"]
[PlyCount "51"]
[EventDate "2020.01.02"]
[EventType "swiss"]
[EventCountry "AUS"]
[SourceTitle "playchess.com"]
[Source "ChessBase"]
[SourceQuality "1"]

{[%evp 16,51,8,18,19,20,33,20,28,22,93,82,81,84,85,64,68,77,106,102,116,114,168,172,162,147,153,156,262,255,732,714,725,675,751,740,712,590]} 1. e4 e6 2. d4 d5 3. Nc3 Nf6 4. e5 Nfd7 5. f4 c5 6. Nf3 Nc6 7. Be3 Be7 8. Qd2 O-O 9. dxc5 Qa5 {C11: French: Classical System: 4 e5 and 4 Bg5 dxe4} (9... Nxc5 10. O-O-O a6 11. h4 Qc7 12. Bd3 Nb4 13. Kb1 Nbxd3 14. cxd3 Bd7 15. Rc1 Qb6 16. f5 Rfc8 17. Bg5 {1-0 (41) Shankland,S (2713)-Cori,J (2686) Biel 2019}) 10. a3 Nxc5 11. Nd4 $146 {And now Nxc6 would win.} ({Predecessor:} 11. O-O-O Rd8 12. Be2 Bd7 13. Kb1 Rac8 14. f5 Ne4 15. Nxe4 dxe4 16. Qxa5 Nxa5 17. f6 Bxa3 18. bxa3 exf3 19. gxf3 {1-0 (48) Idani,P (2581)-Krishna,C (2444) Zuerich 2019}) 11... Qc7 {The position is equal.} 12. Be2 f6 (12... a6 $11) 13. Ndb5 $16 Qd8 14. exf6 Rxf6 15. O-O a6 16. Nd4 Qd6 17. Rad1 g6 18. Bg4 e5 {[#]} (18... a5 $16) 19. Nxc6 $1 $18 bxc6 20. fxe5 Rxf1+ 21. Rxf1 Qxe5 {[#]} (21... Qd8 $16 {was worth a try.}) 22. Bd4 $1 {[%cal Rd4e5]} Ne4 $2 (22... Qd6) 23. Nxe4 {White is clearly winning.} ({And not} 23. Bxe5 Nxd2 24. Bxc8 Bc5+ 25. Kh1 Nxf1 $17) 23... Qxe4 24. Rf4 ({Weaker is} 24. Qf2 Bf5 $16) ({Less strong is} 24. Bxc8 Rxc8 25. Re1 (25. Qf2 Rf8 $11) 25... Bg5 $14) 24... Bxg4 25. Rxe4 dxe4 26. Qh6 {Played: Qd2-f4} 1-0

[Event "Australian-ch 2020"]
[Site "Kogarah"]
[Date "2020.01.06"]
[Round "5.2"]
[White "Bjelobrk, Igor"]
[Black "McClymont, Brodie"]
[Result "1/2-1/2"]
[WhiteElo "2403"]
[BlackElo "2421"]
[Annotator "TA"]
[PlyCount "100"]
[EventDate "2020.01.02"]
[EventType "swiss"]
[EventCountry "AUS"]
[SourceTitle "playchess.com"]
[Source "ChessBase"]
[SourceQuality "1"]

{[%evp 13,100,25,28,27,44,45,38,25,56,25,25,27,28,28,30,0,37,0,0,0,0,0,0,0,0,0,0,0,0,-13,0,0,0,0,0,-8,-1,-15,-14,-8,-9,-79,-81,-116,-122,-108,-46,-51,-19,-24,-22,-26,-31,-31,-31,-77,-57,-101,0,0,0,0,43,51,44,38,37,0,0,0,6,0,37,38,39,37,47,-8,-18,-15,0,0,0,0,0,0,0,0,0]} 1. d4 Nf6 2. c4 g6 3. Nc3 Bg7 4. e4 d6 5. Nf3 O-O 6. h3 e5 7. d5 Nh5 8. g3 {E90: King's Indian: Classical: Early deviations and 6 h3} f5 (8... Na6 9. Nh2 Nc5 10. Be3 a5 11. Be2 Nf6 12. Bf3 Ne8 13. g4 f5 14. gxf5 gxf5 15. exf5 Bxf5 16. Bxc5 dxc5 {½-½ (79) Postny,E (2623)-Guseinov,G (2664) chess.com INT 2019}) 9. exf5 gxf5 10. Nh4 {White is slightly better.} Nf6 11. Bd3 e4 12. Be2 Nfd7 13. Ng2 Na6 14. Nf4 {Threatening Ne6.} Nac5 (14... Bxc3+ $5 15. bxc3 Nac5 $11) 15. O-O Bxc3 16. bxc3 Ne5 17. Be3 b6 $146 ({Predecessor:} 17... Qe7 18. Kh1 {½-½ (20) Fenwick,J (2454)-Le Page,C (2436) ICCF email 2016}) 18. Kh1 Qe7 19. Rg1 h6 20. Qc2 Kh7 21. Rad1 Ba6 22. Rd4 Kh8 23. Qd2 Rf7 24. Qd1 Rg8 25. Re1 Qd7 26. Kg2 Kh7 27. Rh1 (27. Qd2 $11) 27... Nb7 $17 28. h4 Na5 $1 29. Qf1 {[#]} c5 (29... Qa4 $1 $17 {[%cal Ra5c4]} 30. Qb1 Bxc4) 30. dxc6 $1 $15 Qxc6 {[%cal Ra6c4]} 31. Qd1 Naxc4 32. Bxc4 Nxc4 33. Re1 Rg4 34. Rd5 Qd7 35. Rd4 {[#]} b5 (35... Rfg7 $1 $17 36. Bc1 Rxh4) 36. Qe2 $11 Bb7 37. Red1 Rf6 38. a4 a6 $1 39. axb5 axb5 40. Nh5 (40. Rxc4 $5 bxc4 41. Qxc4 $11) 40... Rf7 41. Nf4 Qe7 42. Kh3 Rfg7 43. Rxc4 bxc4 44. Qxc4 d5 45. Qc5 (45. Qd4 $14) 45... Qxc5 {The position is equal.} 46. Bxc5 Rd7 47. Bd4 Rf7 48. Rb1 Rg8 49. Rb6 Ra8 50. Rd6 Ra6 {Accuracy: White = 49%, Black = 67%.} 1/2-1/2

[Event "Australian-ch 2020"]
[Site "Kogarah"]
[Date "2020.01.06"]
[Round "5.3"]
[White "Solomon, Stephen J"]
[Black "Ikeda, Junta"]
[Result "0-1"]
[WhiteElo "2319"]
[BlackElo "2438"]
[Annotator "TA"]
[PlyCount "92"]
[EventDate "2020.01.02"]
[EventType "swiss"]
[EventCountry "AUS"]
[SourceTitle "playchess.com"]
[Source "ChessBase"]
[SourceQuality "1"]

{[%evp 12,92,39,22,60,47,69,39,45,34,52,43,20,-6,-5,-18,19,14,54,62,62,51,108,111,81,76,86,70,137,139,186,138,156,162,185,189,280,273,228,218,218,168,274,270,410,382,397,321,882,790,797,688,677,631,2098,1158,851,17,16,-74,-77,-1633,-1674,-1517,-1484,-1306,-1250,-1158,-1130,-1031,-992,-29984,-29985,-29985,-29986,-29991,-29989,-29992,-29993,-29993,-29994,-29994,-29995]} 1. e4 g6 2. d4 Bg7 3. Nc3 d6 4. Be3 a6 5. Qd2 b5 6. f3 Nd7 7. h4 h6 {B06: Modern Defence} (7... h5 8. Nh3 Bb7 9. Ng5 Rc8 10. a4 b4 11. Bc4 e6 12. Ne2 c5 13. Ba2 a5 14. Rd1 c4 15. c3 b3 16. Bb1 Ne7 {1-0 (33) Smirin,I (2599)-Bortnyk,O (2602) Saint Louis 2019}) 8. Nh3 Bb7 9. g4 e6 {White is slightly better.} 10. Nf2 Ne7 11. h5 $146 ({Predecessor:} 11. O-O-O Nb6 12. Bd3 Qd7 13. Rhg1 O-O-O 14. Kb1 Kb8 15. Ne2 Rc8 {0-1 (35) Magnucka,M (2075)-Szczepkowska,K (2310) Chotowa 2007}) 11... g5 12. Bg2 c5 13. Ne2 Qc7 14. c3 f5 15. f4 e5 $1 {Threatens to win with ...cxd4.} 16. fxg5 f4 17. Nxf4 $1 exf4 18. Bxf4 {[%cal Rg5h6]} hxg5 19. Bxg5 cxd4 (19... Rg8 $1 $14) 20. cxd4 $16 Nc6 21. Rc1 {[%mdl 1024] White has strong compensation.} Qb6 22. d5 Nce5 {Strongly threatening ...Nc4.} 23. h6 $36 {[%mdl 2048] Keeping Black busy.} Bf6 (23... Bf8 $142) 24. Be3 $1 $18 {[%cal Re3b6]} Qd8 25. g5 Be7 26. Ke2 $1 O-O {[#]} (26... b4 $142) 27. Bh3 $1 Ng6 (27... Bc8 $142 28. Qd4 Rxf2+ 29. Bxf2 Nf8) 28. Bf5 ({Not} 28. Be6+ Kh8 $18) 28... Nde5 29. Qd4 {And now Bxg6 would win.} Kh7 $2 (29... Bc8) 30. Ng4 Rg8 31. Nxe5 dxe5 32. Qxe5 Bc8 33. Rxc8 {[%mdl 64] Remove Defender} Rxc8 34. Bd4 $2 (34. Rf1 $18 {White wants to mate with Bxg6+.} Qd7 35. Bxd7 Nxe5 {[#]} 36. g6+ $1 {[%mdl 512]} Rxg6 37. Bxc8 Rg2+ 38. Rf2 Rxf2+ 39. Kxf2) 34... Bxg5 $11 35. Qe6 (35. Rh5 $11) 35... Qc7 $17 36. Bg7 $2 {[%mdl 8192]} (36. Bc3 $17) 36... Qc2+ 37. Kf3 Qd3+ 38. Kg4 Qe2+ 39. Kxg5 Qg2+ {[%mdl 64] Double Attack} 40. Kf6 {[#]} Rcf8+ $1 {[%mdl 512]} 41. Qf7 (41. Bxf8 Rxf8+) 41... Rxf7+ {Black mates.} 42. Kxf7 Qg3 43. Kf6 Rb8 44. Rh5 Qe5+ {[%mdl 64] Double Attack} 45. Kg5 Qf4+ 46. Kf6 Rb6+ {Accuracy: White = 41%, Black = 51%.} 0-1

[Event "Australian-ch 2020"]
[Site "Kogarah"]
[Date "2020.01.06"]
[Round "5.4"]
[White "Nakauchi, Gene"]
[Black "Wallis, Christopher"]
[Result "0-1"]
[WhiteElo "2150"]
[BlackElo "2322"]
[Annotator "TA"]
[PlyCount "54"]
[EventDate "2020.01.02"]
[EventType "swiss"]
[EventCountry "AUS"]
[SourceTitle "playchess.com"]
[Source "ChessBase"]
[SourceQuality "1"]

{[%evp 24,66,0,0,0,-52,-18,-14,-19,-75,-24,-19,-22,-59,-14,-10,-15,-34,-29,-138,-129,-138,-126,-254,-255,-347,-339,-346,-339,-403,-391,-387,-383,-365,-371,-373,-310,-834,-423,-835,-824,-832,-827,-783,-778]} 1. d4 Nf6 2. c4 e6 3. Nc3 Bb4 4. e3 O-O 5. Bd3 d5 6. Nf3 c5 7. O-O dxc4 8. Bxc4 cxd4 9. exd4 b6 10. Bg5 Bb7 11. Qe2 Nbd7 12. Ne5 Bxc3 13. bxc3 Rc8 {[#] E54: Nimzo-Indian: Rubinstein: Main Line: 7...dxc4 8 Bxc4} 14. f4 $146 (14. Rac1 $11) ({Predecessor:} 14. Rac1 Nxe5 15. dxe5 Rc5 16. Bd3 Qc7 17. Bxf6 gxf6 18. Qh5 f5 19. Qg5+ Kh8 20. Qf6+ Kg8 21. Rfe1 {1-0 (39) Donchenko,A (2595)-Nihal,S (2598) Brest 2019}) 14... Qc7 $1 $15 {Hoping for ...Nxe5.} 15. Bxf6 Nxf6 {The position is equal.} 16. Rac1 (16. f5 $11 Bd5 17. Ba6 Qxc3 18. Bxc8 Qxd4+ 19. Kh1 Rxc8 20. Rac1 Rxc1 21. Rxc1) 16... g6 ({Black should play} 16... Nd5 $17) 17. Bb3 $11 Qd6 18. Qe3 Rc7 19. c4 Rfc8 20. Rfd1 Qa3 21. f5 (21. Qe1 $11 {remains equal.}) 21... exf5 $40 {[%mdl 128] White is in trouble.} 22. c5 {[#] Threatens to win with Bxf7+.} Bd5 $1 {[%cal Rb6c5]} 23. Rd3 (23. Qd3 $17 {was worth a try.} Kg7 24. Bxd5 Qxd3 25. Nxd3 Nxd5 26. Re1) 23... Bxb3 $19 ({Worse is} 23... bxc5 24. Bxd5 Nxd5 25. Rxa3 $16) 24. Rxb3 Qxa2 25. c6 Rd8 26. Re1 Nd5 27. Qf3 Qa4 {Played: Qa2-d2} 0-1

[Event "Australian-ch 2020"]
[Site "Kogarah"]
[Date "2020.01.06"]
[Round "5.5"]
[White "O`Chee, Kevin"]
[Black "Hu, Jason"]
[Result "1/2-1/2"]
[WhiteElo "2156"]
[BlackElo "2159"]
[Annotator "ChessBase"]
[PlyCount "137"]
[EventDate "2020.01.02"]
[EventType "swiss"]
[EventCountry "AUS"]
[SourceTitle "playchess.com"]
[Source "ChessBase"]
[SourceQuality "1"]
[TimeControl "40/5400+30:1800+30"]

1. e4 {[%emt 0:00:00]} c6 {[%emt 0:00:00]} 2. Nf3 {[%emt 0:02:05]} d5 {[%emt 0:00:00]} 3. Nc3 {[%emt 0:00:05]} Bg4 {[%emt 0:00:00]} 4. h3 {[%emt 0:00:05]} Bxf3 {[%emt 0:00:00]} 5. Qxf3 {[%emt 0:00:06]} Nf6 {[%emt 0:00:00]} 6. d3 {[%emt 0:01:44]} e6 {[%emt 0:00:02]} 7. a3 {[%emt 0:01:08]} Nbd7 {[%emt 0:02:57]} 8. g3 {[%emt 0:00:45]} Bc5 {[%emt 0:00:58]} 9. Bg2 {[%emt 0:00:31]} O-O {[%emt 0:00:11]} 10. O-O {[%emt 0:00:20]} b5 {[%emt 0:02:25]} 11. Rd1 {[%emt 0:01:27]} Qb6 {[%emt 0:04:04]} 12. Qe2 {[%emt 0:01:43]} Bd4 {[%emt 0:03:06]} 13. Nb1 {[%emt 0:02:37]} Rfc8 {[%emt 0:06:58]} 14. c3 {[%emt 0:02:40]} Bc5 {[%emt 0:01:36]} 15. Nd2 {[%emt 0:02:32]} a5 {[%emt 0:02:02]} 16. d4 {[%emt 0:01:16]} Bf8 {[%emt 0:00:37]} 17. e5 {[%emt 0:03:16]} Ne8 {[%emt 0:03:24]} 18. Nf3 {[%emt 0:00:30]} c5 {[%emt 0:00:30]} 19. Qd3 {[%emt 0:02:48]} cxd4 {[%emt 0:02:46]} 20. cxd4 {[%emt 0:00:27]} b4 {[%emt 0:09:12]} 21. Ng5 {[%emt 0:04:21]} f5 {[%emt 0:59:42]} 22. Bxd5 {[%emt 1:10:34]} exd5 {[%emt 0:00:00]} 23. Qxf5 {[%emt 0:00:00]} Ndf6 {[%emt 0:00:00]} 24. exf6 {[%emt 0:00:00]} Nxf6 {[%emt 0:00:00]} 25. Ne6 {[%emt 0:00:00]} bxa3 {[%emt 0:00:00]} 26. bxa3 {[%emt 0:00:00]} Re8 {[%emt 0:00:00]} 27. Nxf8 {[%emt 0:00:00]} Rxf8 {[%emt 0:00:00]} 28. Bg5 {[%emt 0:00:00]} Qd6 {[%emt 0:00:00]} 29. Bf4 {[%emt 0:00:00]} Qa6 {[%emt 0:00:00]} 30. Rac1 {[%emt 0:00:00]} Rf7 {[%emt 0:00:00]} 31. Qd3 {[%emt 0:00:00]} Qe6 {[%emt 0:00:00]} 32. Kg2 {[%emt 0:00:00]} Ne4 {[%emt 0:00:00]} 33. f3 {[%emt 0:00:00]} Rxf4 {[%emt 0:00:00]} 34. gxf4 {[%emt 0:00:00]} Qg6+ {[%emt 0:00:00]} 35. Kf1 {[%emt 0:00:00]} Ng3+ {[%emt 0:00:00]} 36. Ke1 {[%emt 0:00:00]} Re8+ {[%emt 0:00:00]} 37. Kd2 {[%emt 0:00:00]} Qf6 {[%emt 0:00:40]} 38. Rc5 {[%emt 0:00:00]} Qxf4+ {[%emt 0:01:01]} 39. Kc2 {[%emt 0:00:00]} Nf5 {[%emt 0:02:09]} 40. Rd2 {[%emt 0:00:00]} Ne3+ {[%emt 0:01:45]} 41. Kb3 {[%emt 0:17:43]} Nc4 {[%emt 0:21:17]} 42. Rxc4 {[%emt 0:00:00]} dxc4+ {[%emt 0:00:09]} 43. Qxc4+ {[%emt 0:00:00]} Kh8 {[%emt 0:00:05]} 44. Qc3 {[%emt 0:00:00]} Rb8+ {[%emt 0:04:24]} 45. Ka2 {[%emt 0:00:00]} Qf5 {[%emt 0:01:38]} 46. Rb2 {[%emt 0:00:00]} Qd5+ {[%emt 0:01:56]} 47. Ka1 {[%emt 0:00:00]} Re8 {[%emt 0:00:36]} 48. Qd3 {[%emt 0:00:00]} h6 {[%emt 0:02:26]} 49. Rb5 {[%emt 0:00:00]} Qc6 {[%emt 0:04:16]} 50. Rc5 {[%emt 0:00:00]} Qd7 {[%emt 0:01:25]} 51. Rxa5 {[%emt 0:00:00]} Qxh3 {[%emt 0:00:21]} 52. Rc5 {[%emt 0:00:00]} Qg2 {[%emt 0:00:18]} 53. Rc1 {[%emt 0:00:44]} Qg5 {[%emt 0:00:10]} 54. Rd1 {[%emt 0:02:40]} Qd5 {[%emt 0:00:18]} 55. f4 {[%emt 0:00:24]} Ra8 {[%emt 0:00:15]} 56. Qe3 {[%emt 0:01:37]} Qd6 57. Rd3 {[%emt 0:00:30]} Rb8 58. d5 {[%emt 0:00:30]} Qf6+ 59. Qd4 {[%emt 0:00:30]} Qd6 60. Rg3 {[%emt 0:00:30]} Rb7 61. Qe5 {[%emt 0:00:30]} Qb6 62. Qe8+ {[%emt 0:00:30]} Kh7 63. Qe4+ {[%emt 0:00:30]} Kh8 64. Rg2 {[%emt 0:00:30]} Qb3 65. Qe8+ {[%emt 0:00:30]} Kh7 66. Qg6+ {[%emt 0:00:30]} Kh8 67. Qe8+ {[%emt 0:00:30]} Kh7 68. Qg6+ {[%emt 0:00:30]} Kh8 69. Qe8+ {[%emt 0:00:30]} 1/2-1/2